Medzinárodná migrácia v krajinách V4 po ich vstupe do EÚ recenzovaný nekonferenčný zborník
Saved in:
| Corporate Authors: | , |
|---|---|
| Other Authors: | , |
| Format: | Book |
| Language: | Slovak |
| Published: |
Bratislava
Vydavateľstvo EKONÓM
2013
|
| Subjects: | |
| Tags: |
No Tags, Be the first to tag this record!
|
MARC
| LEADER | 00000nlm a2200000 4500 | ||
|---|---|---|---|
| 001 | 0179556 | ||
| 005 | 20251028082835.4 | ||
| 020 | |a 978-80-225-3756-8 | ||
| 041 | 0 | |a slo | |
| 044 | |a SK | ||
| 245 | 1 | 0 | |a Medzinárodná migrácia v krajinách V4 po ich vstupe do EÚ |b recenzovaný nekonferenčný zborník |c recenzenti Ján Liďák, Dagmar Pinková |
| 264 | 1 | |a Bratislava |b Vydavateľstvo EKONÓM |c 2013 | |
| 300 | |a CD-ROM [80 s.] | ||
| 610 | 2 | 0 | |a migrácia |
| 610 | 2 | 0 | |a integrácia ekonomická medzinárodná |
| 610 | 2 | 0 | |a Európska únia |
| 700 | 1 | |a Liďák, Ján | |
| 700 | 1 | |a Pinková, Dagmar | |
| 710 | 2 | |a Národohospodárska fakulta EU. Katedra sociálneho rozvoja a práce | |
| 710 | 2 | |a Národohospodárska fakulta EU. Katedra ekonómie | |